[Event "2. Bundesliga West 2017/18"]
[Site "Hotel Servus Europa"]
[Date "2018.03.11"]
[Round "11"]
[Board "1"]
[White "Riediger, Martin"]
[Black "Wegener, Olaf"]
[Result "1/2-1/2"]
[WhiteElo "2288"]
[BlackElo "2431"]
[PlyCount "90"]
[EventDate "2017.10.13"]
[EventType "team"]
[EventRounds "11"]
[EventCountry "AUT"]
[WhiteTeam "Ranshofen"]
[BlackTeam "Rochade Rum"]

1. d4 Nf6 2. Bf4 e6 3. e3 b6 4. Nd2 Be7 5. Bd3 c5 6. c3 cxd4 7. cxd4 O-O 8.
Ngf3 Ba6 9. Qe2 Bxd3 10. Qxd3 Qc8 11. O-O Qa6 12. Qxa6 Nxa6 13. Bg5 Rfc8 14. a3
Rc2 15. Rab1 Rac8 16. Nb3 Kf8 17. Rfc1 Ne4 18. Ne1 Rxc1 19. Rxc1 Rxc1 20. Bxe7+
Kxe7 21. Nxc1 d5 22. f3 Nd6 23. Nc2 f6 24. Nd3 Nb8 25. Kf2 Nc6 26. Ke2 a5 27.
a4 g5 28. b4 axb4 29. Ncxb4 Na5 30. Nf2 Nac4 31. e4 dxe4 32. fxe4 Kd7 33. Nbd3
e5 34. dxe5 fxe5 35. Ng4 Ke6 36. Ne3 Nxe3 37. Kxe3 Nc4+ 38. Kf3 h5 39. h3 Kd6
40. Ke2 Ke6 41. g4 hxg4 42. hxg4 Kd6 43. Kf2 Ke6 44. Ke2 Nd6 45. Nf2 Nb7
 1/2-1/2

[Event "2. Bundesliga West 2017/18"]
[Site "Hotel Servus Europa"]
[Date "2018.03.11"]
[Round "11"]
[Board "2"]
[White "Gatterer, Florian"]
[Black "Knechtel, Roland"]
[Result "1/2-1/2"]
[WhiteElo "2271"]
[BlackElo "2245"]
[PlyCount "80"]
[EventDate "2017.10.13"]
[EventType "team"]
[EventRounds "11"]
[EventCountry "AUT"]
[WhiteTeam "Rochade Rum"]
[BlackTeam "Ranshofen"]

1. Nf3 d5 2. c4 e6 3. e3 Nf6 4. Nc3 b6 5. cxd5 Nxd5 6. Nxd5 Qxd5 7. b3 Be7 8.
Bb2 O-O 9. Bc4 Qe4 10. Qe2 Bb7 11. O-O Rd8 12. d3 Qg4 13. h3 Qh5 14. d4 Nd7 15.
Ba6 Be4 16. Nd2 Qxe2 17. Bxe2 Bb7 18. Rac1 c5 19. Bf3 Bxf3 20. Nxf3 Rac8 21.
Rfd1 Bf6 22. Ba1 Kf8 23. dxc5 Bxa1 24. c6 Ne5 25. Rxd8+ Rxd8 26. Rxa1 Nxc6 27.
Rc1 Rd6 28. Ng5 Nb4 29. a3 Na6 30. Nxh7+ Ke7 31. Ng5 Rd3 32. Rc4 Nc5 33. b4 Na6
34. Ne4 Rxa3 35. b5 Nb8 36. Rc7+ Nd7 37. g4 Kd8 38. Rc2 Ke7 39. Rc7 Kd8 40. Rc2
Ke7  1/2-1/2

[Event "2. Bundesliga West 2017/18"]
[Site "Hotel Servus Europa"]
[Date "2018.03.11"]
[Round "11"]
[Board "3"]
[White "Ager, Josef"]
[Black "Paltrinieri, Nicholas"]
[Result "1/2-1/2"]
[WhiteElo "2109"]
[BlackElo "2300"]
[PlyCount "122"]
[EventDate "2017.10.13"]
[EventType "team"]
[EventRounds "11"]
[EventCountry "AUT"]
[WhiteTeam "Ranshofen"]
[BlackTeam "Rochade Rum"]

1. Nf3 e6 2. g3 f5 3. Bg2 Nf6 4. O-O Be7 5. b3 O-O 6. Bb2 d6 7. d4 Qe8 8. Nbd2
Nc6 9. Re1 Ne4 10. e3 Bd7 11. a3 Qf7 12. Rf1 Nxd2 13. Nxd2 Bf6 14. f4 Rae8 15.
Nf3 Nd8 16. Qd2 Bc6 17. c4 h6 18. Rad1 Be4 19. Ne1 Bxg2 20. Qxg2 d5 21. Nd3 c6
22. a4 Kh7 23. Ba3 Rg8 24. Bd6 Qd7 25. Be5 Nf7 26. Kh1 Qd8 27. Qf3 Qe7 28. c5
g5 29. g4 gxf4 30. gxf5 Bxe5 31. dxe5 exf5 32. exf4 Qh4 33. Rg1 Nd8 34. Rg3 Ne6
35. b4 Nd4 36. Qf2 Rxg3 37. Qxg3 Qxg3 38. hxg3 Rg8 39. Nc1 Nc2 40. Rd3 Nxb4 41.
Rb3 a5 42. Ne2 Kg6 43. Kh2 b5 44. Nd4 Rb8 45. Ra3 bxa4 46. Rxa4 Ra8 47. Kh3 h5
48. Nb3 Nc2 49. Rxa5 Rxa5 50. Nxa5 Nd4 51. Kg2 Kf7 52. Kf2 Ne6 53. Nxc6 Nxc5
54. Nd4 Ne4+ 55. Kg2 Kg6 56. Kh3 Nf2+ 57. Kh4 Ng4 58. e6 Ne3 59. e7 Kf7 60.
Kxh5 Kxe7 61. Kg5 Kd6  1/2-1/2

[Event "2. Bundesliga West 2017/18"]
[Site "Hotel Servus Europa"]
[Date "2018.03.11"]
[Round "11"]
[Board "4"]
[White "Pogan, Nikolas"]
[Black "Kuecher, Wolfgang"]
[Result "0-1"]
[WhiteElo "2310"]
[BlackElo "2123"]
[PlyCount "92"]
[EventDate "2017.10.13"]
[EventType "team"]
[EventRounds "11"]
[EventCountry "AUT"]
[WhiteTeam "Rochade Rum"]
[BlackTeam "Ranshofen"]

1. Nf3 g6 2. g3 Bg7 3. Bg2 e5 4. O-O Ne7 5. e4 Nbc6 6. c3 d5 7. d3 O-O 8. Nbd2
h6 9. a4 a5 10. exd5 Nxd5 11. Nc4 Re8 12. Re1 Kh7 13. Qb3 f5 14. Qc2 Ra6 15.
Bd2 Nb6 16. Na3 Be6 17. Rad1 Qd7 18. Bc1 Qf7 19. Nd2 Raa8 20. b3 Rad8 21. h4
Nd5 22. Nac4 e4 23. d4 Nxc3 24. Qxc3 Bxd4 25. Qc2 Nb4 26. Qb1 Nd3 27. Ne3 Ba7
28. Ndc4 Nxe1 29. Rxe1 Bc5 30. Qc2 Bb4 31. Rd1 c6 32. Bb2 Bd5 33. Bh3 h5 34.
Rb1 Qc7 35. Qe2 f4 36. gxf4 Qxf4 37. Ng2 Qf3 38. Qe3 Bxc4 39. bxc4 Rd1+ 40.
Rxd1 Qxd1+ 41. Kh2 Bd6+ 42. Nf4 Rf8 43. Kg2 Rxf4 44. Qb6 Rf7 45. Be6 Qf3+ 46.
Kg1 Bh2+  0-1

[Event "2. Bundesliga West 2017/18"]
[Site "Hotel Servus Europa"]
[Date "2018.03.11"]
[Round "11"]
[Board "5"]
[White "Doppelhammer, Herbert"]
[Black "Hengl, Christian"]
[Result "1/2-1/2"]
[WhiteElo "2017"]
[BlackElo "2153"]
[PlyCount "63"]
[EventDate "2017.10.13"]
[EventType "team"]
[EventRounds "11"]
[EventCountry "AUT"]
[WhiteTeam "Ranshofen"]
[BlackTeam "Rochade Rum"]

1. Nf3 d5 2. b3 Nf6 3. Bb2 Bf5 4. d3 Nbd7 5. Nbd2 h6 6. g3 e6 7. Bg2 Be7 8. e4
Bh7 9. e5 Ng8 10. Qe2 a5 11. a4 c6 12. O-O h5 13. h3 Nh6 14. Nd4 Qb6 15. Qxh5
O-O-O 16. Qe2 Bc5 17. N2f3 g5 18. g4 Rde8 19. b4 axb4 20. a5 Qd8 21. Nb3 Ba7
22. a6 b6 23. Qd2 Qe7 24. Nxg5 Reg8 25. f4 b5+ 26. Bd4 c5 27. Be3 f6 28. exf6
Nxf6 29. Na5 Kc7 30. Nb7 Nhxg4 31. hxg4 Nxg4 32. Ra5  1/2-1/2

[Event "2. Bundesliga West 2017/18"]
[Site "Hotel Servus Europa"]
[Date "2018.03.11"]
[Round "11"]
[Board "2"]
[White "Michalik, Peter"]
[Black "Gretz, Denis"]
[Result "1-0"]
[WhiteElo "2546"]
[BlackElo "2309"]
[PlyCount "59"]
[EventDate "2017.10.13"]
[EventType "team"]
[EventRounds "11"]
[EventCountry "AUT"]
[WhiteTeam "Zillertal"]
[BlackTeam "Goetzis 2"]

1. d4 f5 2. Bg5 g6 3. Nc3 Bg7 4. h4 h6 5. Bf4 Nf6 6. e3 d6 7. Qf3 O-O 8. Bc4+
e6 9. O-O-O Nc6 10. a3 Qe7 11. Nge2 Bd7 12. Bh2 Kh7 13. Nf4 e5 14. Nfd5 Nxd5
15. Nxd5 Qd8 16. dxe5 Nxe5 17. Bxe5 Bxe5 18. Nf4 Bg7 19. c3 b5 20. Bd3 a5 21.
g4 b4 22. Nxg6 bxc3 23. Nxf8+ Qxf8 24. gxf5 Bf6 25. bxc3 Rb8 26. Kd2 Rb3 27.
Rc1 Rxa3 28. Qb7 Qd8 29. Rhg1 a4 30. Bc4  1-0

[Event "2. Bundesliga West 2017/18"]
[Site "Hotel Servus Europa"]
[Date "2018.03.11"]
[Round "11"]
[Board "3"]
[White "Anistratov, Dmitrij"]
[Black "Lanka, Zigurds"]
[Result "0-1"]
[WhiteElo "2274"]
[BlackElo "2426"]
[PlyCount "122"]
[EventDate "2017.10.13"]
[EventType "team"]
[EventRounds "11"]
[EventCountry "AUT"]
[WhiteTeam "Goetzis 2"]
[BlackTeam "Zillertal"]

1. Nf3 Nf6 2. g3 g6 3. b3 Bg7 4. Bb2 d6 5. d4 c5 6. dxc5 Qa5+ 7. Nbd2 Qxc5 8.
Qc1 O-O 9. Bg2 Nc6 10. c4 a6 11. O-O Qh5 12. Nb1 Bh3 13. Qg5 Bxg2 14. Kxg2 Qxg5
15. Nxg5 d5 16. cxd5 Nxd5 17. Bxg7 Kxg7 18. Ne4 Rfd8 19. Rc1 Nd4 20. e3 Ne6 21.
a3 f5 22. Nc5 Nxc5 23. Rxc5 Rac8 24. Rxc8 Rxc8 25. Ra2 Rc1 26. Nd2 Nc3 27. Rb2
b5 28. b4 Na4 29. Rb3 Rd1 30. Nf3 Nb6 31. Nd4 Nc4 32. Ne6+ Kf6 33. Nc5 Ne5 34.
e4 Rd2 35. h3 h5 36. Rc3 e6 37. exf5 gxf5 38. Re3 Rd6 39. Rc3 h4 40. g4 Kg5 41.
Re3 Ng6 42. gxf5 exf5 43. Re8 Nf4+ 44. Kf3 Nxh3 45. Rg8+ Kf6 46. Rf8+ Kg6 47.
Rg8+ Kf7 48. Rh8 Rd4 49. Nxa6 Rd3+ 50. Kg2 Nf4+ 51. Kh2 Rh3+ 52. Kg1 Kg7 53.
Re8 Rxa3 54. Nc7 Ra1+ 55. Kh2 Rf1 56. Nxb5 Rxf2+ 57. Kh1 Rd2 58. Nc7 Nh5 59.
Re1 Ng3+ 60. Kg1 h3 61. Ne6+ Kf6  0-1

[Event "2. Bundesliga West 2017/18"]
[Site "Hotel Servus Europa"]
[Date "2018.03.11"]
[Round "11"]
[Board "4"]
[White "Hausner, Ivan"]
[Black "Mueller, Philipp"]
[Result "1/2-1/2"]
[WhiteElo "2321"]
[BlackElo "2220"]
[PlyCount "160"]
[EventDate "2017.10.13"]
[EventType "team"]
[EventRounds "11"]
[EventCountry "AUT"]
[WhiteTeam "Zillertal"]
[BlackTeam "Goetzis 2"]

1. c4 e6 2. g3 d5 3. Bg2 Nf6 4. Nf3 dxc4 5. Qa4+ c6 6. Qxc4 b5 7. Qc2 Bb7 8.
O-O c5 9. a4 b4 10. d3 Nc6 11. Nbd2 Rc8 12. Nc4 Na5 13. Bg5 Nxc4 14. dxc4 Be7
15. Rfd1 Qa5 16. Ne5 Bxg2 17. Kxg2 h6 18. Bxf6 Bxf6 19. Qe4 Bxe5 20. Qxe5 O-O
21. b3 Rfd8 22. h4 Qb6 23. f3 Qc6 24. Kf2 Rd7 25. Rxd7 Qxd7 26. Qe3 Qd6 27. Qd3
Qxd3 28. exd3 Rd8 29. Ke3 e5 30. Rf1 f6 31. f4 Re8 32. Kd2 Kf7 33. Re1 Ke6 34.
fxe5 fxe5 35. Rf1 Rd8 36. Ke3 Rd4 37. Rf8 Rg4 38. Kf3 Rd4 39. Ke3 Rg4 40. Kf2
Rd4 41. Ke2 Rg4 42. Ra8 Rxg3 43. Rxa7 e4 44. dxe4 Ke5 45. Rd7 Kxe4 46. Rd5 Rxb3
47. a5 Ra3 48. Rxc5 Ra2+ 49. Kd1 Kd4 50. Rf5 b3 51. Kc1 Kc3 52. Rf3+ Kxc4 53.
Rg3 Kb4 54. Rxg7 Rxa5 55. Rg4+ Ka3 56. Kb1 Rf5 57. Rg1 Rf2 58. Rh1 h5 59. Ka1
Rb2 60. Rh3 Rc2 61. Kb1 Kb4 62. Rh1 Kc4 63. Rh3 Rg2 64. Kc1 Rf2 65. Kb1 Rc2 66.
Rh1 Kb4 67. Rh3 Ka3 68. Rh1 Rc3 69. Rh2 Rg3 70. Rh1 Re3 71. Ka1 b2+ 72. Kb1 Rc3
73. Rg1 Rh3 74. Rf1 Rh2 75. Rf3+ Kb4 76. Rf5 Rxh4 77. Kxb2 Kc4 78. Kc2 Kd4 79.
Kd2 Ke4 80. Rf8 Rf4  1/2-1/2

[Event "2. Bundesliga West 2017/18"]
[Site "Hotel Servus Europa"]
[Date "2018.03.11"]
[Round "11"]
[Board "5"]
[White "Mittelberger, Peter"]
[Black "Maiwald, Jens-Uwe"]
[Result "0-1"]
[WhiteElo "2180"]
[BlackElo "2452"]
[PlyCount "78"]
[EventDate "2017.10.13"]
[EventType "team"]
[EventRounds "11"]
[EventCountry "AUT"]
[WhiteTeam "Goetzis 2"]
[BlackTeam "Zillertal"]

1. e4 c5 2. Nf3 e6 3. d4 cxd4 4. Nxd4 a6 5. Bd3 g6 6. Bd2 Bg7 7. Bc3 Nf6 8. O-O
O-O 9. f4 d6 10. Kh1 Nbd7 11. Nb3 e5 12. fxe5 Nxe5 13. N1d2 Re8 14. Bxe5 Rxe5
15. Qf3 b5 16. a4 Bb7 17. axb5 axb5 18. Rxa8 Bxa8 19. Qf4 Re7 20. Nd4 d5 21. e5
Ne4 22. N2f3 b4 23. Qh4 Bb7 24. Qe1 Qb6 25. Qh4 f6 26. e6 Nc5 27. Ne5 Nxe6 28.
Nxe6 Qxe6 29. Nf3 Qd6 30. Re1 Rxe1+ 31. Qxe1 Bf8 32. c3 Qe7 33. Qd2 Kg7 34. Nd4
Qe5 35. g3 Bc5 36. Bf1 Qe4+ 37. Kg1 b3 38. Qf2 Kf7 39. Be2 Qb1+  0-1

[Event "2. Bundesliga West 2017/18"]
[Site "Hotel Servus Europa"]
[Date "2018.03.11"]
[Round "11"]
[Board "6"]
[White "Tabernig, Bernhard"]
[Black "Laske, Erich"]
[Result "1-0"]
[WhiteElo "2328"]
[BlackElo "2051"]
[PlyCount "41"]
[EventDate "2017.10.13"]
[EventType "team"]
[EventRounds "11"]
[EventCountry "AUT"]
[WhiteTeam "Zillertal"]
[BlackTeam "Goetzis 2"]

1. d4 Nf6 2. c4 a6 3. g3 e5 4. dxe5 Ng4 5. Nc3 Nc6 6. Nf3 Ncxe5 7. Nxe5 Nxe5 8.
Qc2 Bb4 9. Bg2 O-O 10. O-O d6 11. Nd5 Bc5 12. Be3 Bxe3 13. Nxe3 Rb8 14. Rad1 b6
15. Rd4 Bd7 16. Rfd1 Qc8 17. a3 a5 18. b4 axb4 19. axb4 Qa6 20. Nd5 Qa3 21.
Ne7+  1-0

[Event "2. Bundesliga West 2017/18"]
[Site "Hotel Servus Europa"]
[Date "2018.03.11"]
[Round "11"]
[Board "1"]
[White "Gaehwiler, Gabriel"]
[Black "Fedorovsky, Michael"]
[Result "1/2-1/2"]
[WhiteElo "2419"]
[BlackElo "2478"]
[PlyCount "69"]
[EventDate "2017.10.13"]
[EventType "team"]
[EventRounds "11"]
[EventCountry "AUT"]
[WhiteTeam "Dornbirn"]
[BlackTeam "Jenbach 2"]

1. d4 Nf6 2. c4 e6 3. Nf3 d5 4. g3 dxc4 5. Bg2 Nc6 6. Qa4 Bb4+ 7. Bd2 Nd5 8.
Qb5 O-O 9. Qxc4 Nb6 10. Qd3 Be7 11. O-O e5 12. dxe5 Qxd3 13. exd3 Rd8 14. Rc1
Rxd3 15. Ne1 Rd7 16. Rxc6 bxc6 17. Bxc6 Rb8 18. Bxd7 Nxd7 19. Bc3 Rb5 20. Nf3
Bb7 21. Nbd2 Rd5 22. Nc4 Nb6 23. Ne3 Rd8 24. Nd4 Na4 25. Nb5 Nxc3 26. bxc3 Bc5
27. Nxc7 Rd2 28. Rb1 Bb6 29. Nc4 Rxa2 30. Nxb6 axb6 31. c4 Rc2 32. Nd5 Rxc4 33.
Nxb6 Rc7 34. Nd5 Rd7 35. Nf4 {68 moves}  1/2-1/2

[Event "2. Bundesliga West 2017/18"]
[Site "Hotel Servus Europa"]
[Date "2018.03.11"]
[Round "11"]
[Board "2"]
[White "Reich, Thomas"]
[Black "Novkovic, Milan"]
[Result "1/2-1/2"]
[WhiteElo "2365"]
[BlackElo "2362"]
[PlyCount "117"]
[EventDate "2017.10.13"]
[EventType "team"]
[EventRounds "11"]
[EventCountry "AUT"]
[WhiteTeam "Jenbach 2"]
[BlackTeam "Dornbirn"]

1. c4 c5 2. Nf3 g6 3. Nc3 Nf6 4. g3 Nc6 5. Bg2 d6 6. O-O Bg7 7. d4 cxd4 8. Nxd4
Bd7 9. c5 dxc5 10. Nxc6 Bxc6 11. Bxc6+ bxc6 12. Qc2 O-O 13. Rd1 Qa5 14. Bd2 Qa6
15. Be3 c4 16. Qa4 Qxa4 17. Nxa4 Nd5 18. Bc5 c3 19. Nxc3 Nxc3 20. bxc3 Bxc3 21.
Rab1 Bf6 22. Rd7 Rfd8 23. Rbb7 Rxd7 24. Rxd7 a5 25. Bxe7 Bxe7 26. Rxe7 Rb8 27.
Ra7 Rb2 28. Rxa5 Rxe2 29. Kg2 h5 30. Kf3 Rc2 31. h4 Kg7 32. a4 Ra2 33. Ke3 Kf6
34. f3 Ra3+ 35. Ke4 Ke6 36. g4 hxg4 37. fxg4 Rh3 38. h5 gxh5 39. gxh5 Rh4+ 40.
Kf3 f5 41. Rc5 Rxh5 42. Rxc6+ Kd5 43. Rb6 Rh4 44. a5 Ra4 45. a6 Ke5 46. Ke3
Ra3+ 47. Kf2 Kf4 48. Rb4+ Kg5 49. Rb6 Kg4 50. Ke2 Ra2+ 51. Kd3 f4 52. Kc4 f3
53. Rf6 f2 54. Kb5 Kg3 55. Kb6 Kg2 56. a7 f1=Q 57. Rxf1 Kxf1 58. Kb7 Rxa7+ 59.
Kxa7  1/2-1/2

[Event "2. Bundesliga West 2017/18"]
[Site "Hotel Servus Europa"]
[Date "2018.03.11"]
[Round "11"]
[Board "3"]
[White "Novkovic, Julia"]
[Black "Binder, Moriz"]
[Result "0-1"]
[WhiteElo "2111"]
[BlackElo "2218"]
[PlyCount "152"]
[EventDate "2017.10.13"]
[EventType "team"]
[EventRounds "11"]
[EventCountry "AUT"]
[WhiteTeam "Dornbirn"]
[BlackTeam "Jenbach 2"]

1. e4 e5 2. Nf3 Nc6 3. Bb5 a6 4. Ba4 Nf6 5. d3 b5 6. Bb3 Bc5 7. c3 O-O 8. Bg5
h6 9. Bh4 Be7 10. h3 d6 11. g4 Be6 12. Nbd2 Nd7 13. Bg3 Nc5 14. Bc2 d5 15. Nxe5
Nxe5 16. Bxe5 dxe4 17. dxe4 Nd3+ 18. Bxd3 Qxd3 19. Qc2 Qd7 20. O-O Bc5 21. Kg2
Rfe8 22. Rfd1 Qc6 23. Nf3 f6 24. Bd4 Bd6 25. Nd2 f5 26. f3 Bf4 27. e5 fxg4 28.
hxg4 Bxg4 29. Qe4 Qxe4 30. Nxe4 Bf5 31. Ng3 Bg6 32. Re1 c5 33. Bxc5 Bxe5 34. a4
Rac8 35. Bb4 Bb8 36. axb5 axb5 37. Rad1 Rxe1 38. Rxe1 Rd8 39. Nf1 Rd7 40. Re6
Kh7 41. Rb6 Bf4 42. Rxb5 Rd1 43. c4 Bd3 44. Ng3 Bxc4 45. Rc5 Rc1 46. Ne4 Rc2+
47. Kh1 Be3 48. Rc6 Rc1+ 49. Kh2 Bf4+ 50. Kh3 Bf1+ 51. Kg4 Rxc6 52. Kxf4 g5+
53. Kg3 Kg6 54. Bc3 Ba6 55. Kf2 Bd3 56. Nd2 Re6 57. Nb3 Re2+ 58. Kg1 h5 59. Nd4
Re8 60. Bd2 g4 61. Kf2 gxf3 62. Kxf3 h4 63. Bf4 Kh5 64. b4 Be4+ 65. Kf2 Kg4 66.
Bh2 Bd3 67. Bg1 Bc4 68. Kg2 Rb8 69. b5 Bd5+ 70. Kf1 Ra8 71. b6 Ra1+ 72. Kf2
Ra2+ 73. Kf1 h3 74. Ne2 Bc4 75. b7 Rxe2 76. Bb6 Re7+  0-1

[Event "2. Bundesliga West 2017/18"]
[Site "Hotel Servus Europa"]
[Date "2018.03.11"]
[Round "11"]
[Board "4"]
[White "Hoellrigl, Wilfried"]
[Black "Kanonier, Clemens"]
[Result "0-1"]
[WhiteElo "2204"]
[BlackElo "2169"]
[PlyCount "94"]
[EventDate "2017.10.13"]
[EventType "team"]
[EventRounds "11"]
[EventCountry "AUT"]
[WhiteTeam "Jenbach 2"]
[BlackTeam "Dornbirn"]

1. e4 e5 2. Nf3 Nc6 3. Bb5 a6 4. Bxc6 dxc6 5. O-O Qd6 6. d3 c5 7. Nbd2 f6 8.
Nc4 Qe6 9. Be3 Bd6 10. Qe2 Ne7 11. c3 Bd7 12. Rfe1 Bb5 13. a4 Bd7 14. d4 cxd4
15. cxd4 O-O 16. Bd2 Ng6 17. h3 b5 18. d5 Qe7 19. Nxd6 cxd6 20. a5 f5 21. exf5
Rxf5 22. Nd4 Rf7 23. Qh5 Nf4 24. Bxf4 Rxf4 25. Ne2 Rf5 26. Qg4 Rxf2 27. Qg3 Rf6
28. Rac1 Rg6 29. Qe3 Qh4 30. Kh2 Rf8 31. Rf1 Rgf6 32. Rxf6 Qxf6 33. Rc7 Be8 34.
Qb6 Qf2 35. Ng3 h5 36. Qxf2 Rxf2 37. Rc8 Rf8 38. Rd8 h4 39. Ne2 Bh5 40. Rxf8+
Kxf8 41. Nc3 Ke7 42. b4 Bg6 43. Kg1 Kf6 44. Kf2 e4 45. Ke3 Ke5 46. Ne2 Bf7 47.
Nf4 g5  0-1

[Event "2. Bundesliga West 2017/18"]
[Site "Hotel Servus Europa"]
[Date "2018.03.11"]
[Round "11"]
[Board "5"]
[White "Ruescher, Christian"]
[Black "Fuchs, Georg"]
[Result "0-1"]
[WhiteElo "2068"]
[BlackElo "2156"]
[PlyCount "58"]
[EventDate "2017.10.13"]
[EventType "team"]
[EventRounds "11"]
[EventCountry "AUT"]
[WhiteTeam "Dornbirn"]
[BlackTeam "Jenbach 2"]

1. e4 e5 2. Nf3 Nf6 3. Nxe5 d6 4. Nf3 Nxe4 5. d4 d5 6. Bd3 Bd6 7. O-O O-O 8. c4
c6 9. cxd5 cxd5 10. Nc3 Nxc3 11. bxc3 Bg4 12. Rb1 Nd7 13. h3 Bh5 14. c4 dxc4
15. Bxc4 Rc8 16. Be2 Re8 17. Be3 Nb6 18. Rb5 Bg6 19. Qb3 Bc2 20. Qb2 Na4 21.
Qc1 Nc3 22. Qxc2 Nxb5 23. Qf5 Nc3 24. Ng5 Nxe2+ 25. Kh1 Qf6 26. Qxh7+ Kf8 27.
Qh5 Ng3+ 28. fxg3 Qxf1+ 29. Bg1 Rc2  0-1

[Event "2. Bundesliga West 2017/18"]
[Site "Hotel Servus Europa"]
[Date "2018.03.11"]
[Round "11"]
[Board "6"]
[White "Heinrich, Thomas"]
[Black "Proyer, Enno"]
[Result "1-0"]
[WhiteElo "2148"]
[BlackElo "2077"]
[PlyCount "73"]
[EventDate "2017.10.13"]
[EventType "team"]
[EventRounds "11"]
[EventCountry "AUT"]
[WhiteTeam "Jenbach 2"]
[BlackTeam "Dornbirn"]

1. d4 e6 2. c4 f5 3. g3 Nf6 4. Bg2 d5 5. Nf3 c6 6. O-O Bd6 7. b3 Qe7 8. Bb2 O-O
9. Qc1 Nbd7 10. Ba3 Bxa3 11. Qxa3 Qxa3 12. Nxa3 b6 13. cxd5 exd5 14. Rfc1 Bb7
15. Rc2 Rae8 16. e3 Ne4 17. Rac1 g5 18. Nb1 f4 19. exf4 gxf4 20. Nc3 Re7 21.
Ne2 fxg3 22. hxg3 c5 23. Nf4 Ndf6 24. dxc5 bxc5 25. Nd2 Nd7 26. Nxe4 dxe4 27.
Rd1 Ba8 28. Bh3 Ne5 29. Rxc5 Nd3 30. Rg5+ Kh8 31. Bg2 e3 32. Nxd3 e2 33. Re1
Rd8 34. Bxa8 Rxd3 35. f3 Rd2 36. Ra5 Rc7 37. Kf2  1-0

[Event "2. Bundesliga West 2017/18"]
[Site "Hotel Servus Europa"]
[Date "2018.03.11"]
[Round "11"]
[Board "1"]
[White "Bertagnolli, Alexander"]
[Black "Nayhebaver, Martin"]
[Result "1-0"]
[WhiteElo "2372"]
[BlackElo "2440"]
[PlyCount "99"]
[EventDate "2017.10.13"]
[EventType "team"]
[EventRounds "11"]
[EventCountry "AUT"]
[WhiteTeam "Kufstein/Woergl"]
[BlackTeam "Bregenz"]

1. e4 c5 2. Nf3 d6 3. d4 cxd4 4. Nxd4 Nf6 5. Nc3 a6 6. h3 e5 7. Nde2 h5 8. Ng1
b5 9. Nf3 Bb7 10. Ng5 d5 11. Bd3 b4 12. Nxd5 Nxd5 13. Bc4 Nb6 14. Bxf7+ Ke7 15.
Qf3 Rh6 16. Nh7 Rf6 17. Nxf6 gxf6 18. Qxh5 Bg7 19. Be3 N8d7 20. Bb3 Qf8 21.
O-O-O Rc8 22. Qf5 Rc6 23. Ba4 Bh6 24. Qh7+ Qg7 25. Qxh6 Qxh6 26. Rxd7+ Nxd7 27.
Bxh6 Rc8 28. Bxd7 Kxd7 29. f3 Ke6 30. g4 a5 31. Bd2 Ba6 32. Kd1 Kf7 33. h4 Rd8
34. Re1 Bc4 35. b3 Bb5 36. Re3 a4 37. Kc1 Rd4 38. h5 axb3 39. axb3 Bf1 40. Kd1
Bb5 41. Re1 Ba6 42. Kc1 Kg7 43. Be3 Rd7 44. Rd1 Rc7 45. Kd2 Rd7+ 46. Ke1 Rc7
47. Ra1 Rc6 48. Bd2 Bc8 49. Ra7+ Kg8 50. Kd1  1-0

[Event "2. Bundesliga West 2017/18"]
[Site "Hotel Servus Europa"]
[Date "2018.03.11"]
[Round "11"]
[Board "2"]
[White "Sergeev, Vladimir"]
[Black "Rusche, Johannes"]
[Result "0-1"]
[WhiteElo "2417"]
[BlackElo "2282"]
[PlyCount "120"]
[EventDate "2017.10.13"]
[EventType "team"]
[EventRounds "11"]
[EventCountry "AUT"]
[WhiteTeam "Bregenz"]
[BlackTeam "Kufstein/Woergl"]

1. g3 Nf6 2. Bg2 e6 3. Nf3 d5 4. O-O Be7 5. d4 O-O 6. b3 c5 7. dxc5 Na6 8. c6
bxc6 9. Bb2 Rb8 10. Nbd2 Nc5 11. c4 a5 12. Ne5 Qb6 13. Bd4 Ba6 14. Rc1 Rfc8 15.
Qc2 Qd8 16. Rfd1 Qe8 17. e3 Ncd7 18. Nd3 Ba3 19. Rb1 Qe7 20. Bc3 Qd8 21. h3 h6
22. Ba1 Bf8 23. e4 Nc5 24. Be5 Nxd3 25. Qxd3 Rb7 26. Qe3 Rd7 27. Qf3 d4 28. Qd3
Ne8 29. Nf3 f6 30. Bf4 e5 31. Bd2 Rb8 32. Ne1 Nd6 33. Qc2 Nb7 34. Nd3 Nc5 35.
Bf1 Bc8 36. Nxc5 Bxc5 37. Bd3 Rdb7 38. Kg2 Qd7 39. Rh1 a4 40. bxa4 Rxb1 41.
Rxb1 Qxh3+ 42. Kg1 Ra8 43. a3 Bg4 44. Bf1 Qxg3+ 45. fxg3 d3+ 46. Kg2 dxc2 47.
Rb3 Rxa4 48. Bc1 Ra8 49. Bd3 Bd1 50. Rc3 Bd4 51. Rb3 h5 52. c5 Kh7 53. Bc4 Bg4
54. Bd3 Ra5 55. Bc4 Rxc5 56. Rb4 Bc3 57. Ra4 Bd4 58. Bf7 Rc3 59. Ra8 Be3 60.
Bg8+ Kg6  0-1

[Event "2. Bundesliga West 2017/18"]
[Site "Hotel Servus Europa"]
[Date "2018.03.11"]
[Round "11"]
[Board "3"]
[White "Blaskowski, Johannes"]
[Black "Dobosz, Henryk"]
[Result "1/2-1/2"]
[WhiteElo "2269"]
[BlackElo "2378"]
[PlyCount "60"]
[EventDate "2017.10.13"]
[EventType "team"]
[EventRounds "11"]
[EventCountry "AUT"]
[WhiteTeam "Kufstein/Woergl"]
[BlackTeam "Bregenz"]

1. e4 e5 2. Nf3 Nc6 3. Bb5 Nf6 4. O-O Nxe4 5. Re1 Nd6 6. Nxe5 Nxe5 7. Rxe5+ Be7
8. Nc3 O-O 9. Bd3 Ne8 10. Re3 Nf6 11. Bf5 d5 12. Bxc8 Rxc8 13. d4 c6 14. Rh3
Re8 15. Bf4 Nd7 16. Qd3 Nf8 17. Ne2 Bf6 18. c3 Re6 19. Re3 Qd7 20. Re1 Rce8 21.
Rxe6 Qxe6 22. Bd2 Ng6 23. h3 Qd7 24. Kf1 Bd8 25. Nf4 Rxe1+ 26. Kxe1 Nxf4 27.
Bxf4 Qe6+ 28. Qe3 Qxe3+ 29. Bxe3 f5 30. Ke2 Kf7  1/2-1/2

[Event "2. Bundesliga West 2017/18"]
[Site "Hotel Servus Europa"]
[Date "2018.03.11"]
[Round "11"]
[Board "4"]
[White "Hess, Max"]
[Black "Neuschmied, Siegfried"]
[Result "0-1"]
[WhiteElo "2251"]
[BlackElo "2155"]
[PlyCount "132"]
[EventDate "2017.10.13"]
[EventType "team"]
[EventRounds "11"]
[EventCountry "AUT"]
[WhiteTeam "Bregenz"]
[BlackTeam "Kufstein/Woergl"]

1. e4 d6 2. d4 Nf6 3. Nc3 g6 4. Bf4 c6 5. Nf3 Nbd7 6. Qd2 Qa5 7. O-O-O b5 8. e5
b4 9. exf6 bxc3 10. Qxc3 Qxc3 11. bxc3 Nxf6 12. Re1 e6 13. Bd3 Nd5 14. Bd2 Rb8
15. a3 Be7 16. c4 Nb6 17. Bf4 Ra8 18. h4 h5 19. Ng5 Bd7 20. Kd2 Rd8 21. Re2 Bc8
22. Rhe1 O-O 23. f3 e5 24. Be3 Bf6 25. dxe5 dxe5 26. Kc1 Ba6 27. Bc5 Rfe8 28.
f4 Bxg5 29. hxg5 Bxc4 30. Bxb6 Bxd3 31. Bxd8 Bxe2 32. Bf6 Bc4 33. Bxe5 Rc8 34.
g4 Bd5 35. gxh5 gxh5 36. Re2 Kh7 37. Kd2 Kg6 38. Rh2 Be6 39. Ke3 Rd8 40. Bd4 a6
41. Rh1 Rb8 42. Be5 Rb5 43. Bd4 Ra5 44. Bb2 Rc5 45. Rh2 Rc4 46. Bd4 Bf5 47. c3
Ra4 48. Be5 Rxa3 49. Kf3 Ra1 50. Kg3 Rd1 51. Re2 Be6 52. Bd4 Rh1 53. Rh2 Ra1
54. Bc5 Rd1 55. Re2 Rd3+ 56. Re3 Rd2 57. Re1 Bd5 58. Re8 Be6 59. Bd4 Rd3+ 60.
Kh2 Kf5 61. Rh8 Rd2+ 62. Kg1 Kg4 63. Be5 h4 64. Rh6 Bf5 65. Bd4 Kg3 66. Kf1 h3
 0-1

[Event "2. Bundesliga West 2017/18"]
[Site "Hotel Servus Europa"]
[Date "2018.03.11"]
[Round "11"]
[Board "5"]
[White "Atzl, Florian"]
[Black "Bezler, Rainer"]
[Result "0-1"]
[WhiteElo "2107"]
[BlackElo "2197"]
[PlyCount "88"]
[EventDate "2017.10.13"]
[EventType "team"]
[EventRounds "11"]
[EventCountry "AUT"]
[WhiteTeam "Kufstein/Woergl"]
[BlackTeam "Bregenz"]

1. e4 c5 2. Nf3 d6 3. d4 cxd4 4. Nxd4 Nf6 5. Nc3 g6 6. Be3 Bg7 7. f3 O-O 8. Qd2
Nc6 9. g4 Nxd4 10. Bxd4 Be6 11. h4 Qa5 12. a3 a6 13. h5 Rfc8 14. hxg6 fxg6 15.
Bh3 g5 16. b4 Qd8 17. Qxg5 Rc4 18. Rd1 Qf8 19. Qe3 Nd7 20. g5 Bxh3 21. Rxh3
Rac8 22. Ne2 Rxc2 23. Qb3+ R2c4 24. Bxg7 Qxg7 25. Nf4 Qxg5 26. Ne2 Kh8 27. f4
Qg2 28. Qg3 Qxe4 29. Rh2 Rg8 30. Qd3 Rg1+ 31. Kf2 Rxd1 32. Qxd1 Nf6 33. Rg2 h5
34. Kg1 Ng4 35. Qa1+ Kh7 36. Qe1 Qe3+ 37. Kh1 Qh3+ 38. Kg1 Qe3+ 39. Kh1 Rxf4
40. Qb1+ Qe4 41. Qxe4+ Rxe4 42. Ng1 Kg6 43. Nf3 Re3 44. Rg3 Kf5  0-1